Statistics for Lego City Undercover Abilities

Click here to take the quiz!

General Stats

  • This quiz has been taken 83 times
    (34 since last reset)
  • The average score is 6 of 17

Answer Stats

HintAnswer% Correct
PoliceGrapple Gun
79%
AstronautJetpack
74%
FarmerSuper Chicken Glide
68%
MinerDynamite
53%
CriminalColor Gun
42%
AstronautTeleport Pads
42%
ConstructionDrill
37%
MinerBoulder Removal
26%
FirefighterCat Rescuing
26%
CivilianFists
21%
Rex FuryOrange Handles
21%
FarmerPlant Growth
21%
AstronatRay Gun
21%
CriminalSafes & Crowbars
21%
PoliceAudio Scanner & Camera
5%
FirefighterExtinguisher
5%
ConstructionFuse box
5%

Score Distribution

Percentile by Number Answered

Percent of People with Each Score

Your Score History

You have not taken this quiz since the last reset